00703nam a2200205 a 450000100060000000300090000600800410001502000150005604000280007108200160009910000240011524500410013926000500018030000100023050501820024065000230042265000200044565000160046565000160048122760CO-ViMGA141112s2004 ck r 000 u spa d a9589060060 aCO-ViMGAbspacCO-ViMGA04a604.2 R653d1 aRomero Monje, Fabio10aDibujo de ingenieria : bFundamentos aColombia : bEscuela Colombiana de Ingenieria a267p. aEl lenguaje gráfico, Introducción al dibujo tecnico, Rotulación, Construcciones geometricas basicas, Las seciones conicas, Proporciones geometricas, Proyecion ortografica14aDIBUJO GEOMETRICO 14aDIBUJO TECNICO 14aPERSPECTIVA14aPROYECCION